[Event "CAN op"]
[Site "Calgary CAN"]
[Date "2023.07.22"]
[Round "1.34"]
[White "Rekhson, Vladislav"]
[Black "Alpuri, Aaqil"]
[Result "0-1"]
[WhiteElo "2146"]
[BlackElo "1704"]
[PlyCount "74"]
[EventDate "2023.07.22"]
[EventType "swiss"]
[EventRounds "10"]
[EventCountry "CAN"]

1. e4 c5 2. Nf3 e6 3. g3 Nc6 4. Bg2 Qc7 5. O-O Nf6 6. Nc3 a6 7. a4 Be7 8. d4
cxd4 9. Nxd4 O-O 10. Kh1 d6 11. f4 Rd8 12. Be3 Na5 13. Bg1 Nc4 14. b3 Na5 15.
Qe1 Bd7 16. Rd1 Rac8 17. Rf3 Nc6 18. f5 Ne5 19. Rfd3 Nxd3 20. Rxd3 e5 21. Nf3
b5 22. Nd2 Qa5 23. Nd5 Nxd5 24. Rxd5 Bc6 25. Rd3 bxa4 26. bxa4 Bxa4 27. Qa1
Rxc2 28. Nf3 Qb4 29. g4 Bb5 30. Rd1 Qc4 31. Re1 Qa2 32. Qxa2 Rxa2 33. Rc1 h6
34. Be3 Be2 35. Kg1 a5 36. Rc7 Bxf3 37. Bxf3 Bf6 0-1

[Event "CAN op"]
[Site "Calgary CAN"]
[Date "2023.07.22"]
[Round "1.35"]
[White "Tcherni, Avram"]
[Black "Nguyen, Kim"]
[Result "0-1"]
[WhiteElo "1701"]
[BlackElo "2145"]
[PlyCount "162"]
[EventDate "2023.07.22"]
[EventType "swiss"]
[EventRounds "10"]
[EventCountry "CAN"]

1. e4 c5 2. Nf3 d6 3. Bb5+ Nd7 4. O-O a6 5. Be2 Ngf6 6. d3 e6 7. Nc3 Be7 8. Re1
O-O 9. a4 b6 10. h3 Bb7 11. Bf4 e5 12. Bh2 Re8 13. Nh4 g6 14. Qd2 Nf8 15. Nf3
Ne6 16. Nd1 Bf8 17. Rb1 Bc6 18. b4 Bxa4 19. bxc5 bxc5 20. Nb2 Bb5 21. Ra1 Nd4
22. Nxd4 cxd4 23. f4 Qc7 24. Rec1 Rac8 25. g4 Qc3 26. Qxc3 dxc3 27. Na4 Nxe4
28. dxe4 Bxe2 29. Nb6 Rc6 30. Nd5 Bg7 31. f5 gxf5 32. gxf5 f6 33. Kf2 Bc4 34.
Nxc3 Kf7 35. Bg1 Rb8 36. Kf3 Bb3 37. Nd5 Bxd5 38. exd5 Rc3+ 39. Kg2 Bh6 40.
Rcb1 Rxc2+ 41. Kf3 Rc3+ 42. Ke4 Rxb1 43. Rxb1 Rxh3 44. Rb7+ Kg8 45. Bb6 Rh4+
46. Kd3 e4+ 47. Ke2 Rg4 48. Rb8+ Bf8 49. Bd4 Kf7 50. Rb7+ Be7 51. Ra7 Rg3 52.
Rxa6 Rf3 53. Ra8 Rxf5 54. Ke3 Rxd5 55. Kxe4 Rg5 56. Be3 Rb5 57. Rh8 h5 58. Rh7+
Ke6 59. Kf4 Rf5+ 60. Ke4 d5+ 61. Kd4 Bd6 62. Rh8 Be5+ 63. Kd3 Kf7 64. Rd8 Bg3
65. Kd4 h4 66. Rh8 Kg7 67. Rc8 h3 68. Rc1 h2 69. Rb1 Kf7 70. Rb7+ Ke6 71. Rb6+
Bd6 72. Rb1 Rh5 73. Rh1 Rh4+ 74. Kd3 Kf5 75. Ke2 Ke4 76. Kf2 Rh5 77. Ke2 d4 78.
Bd2 d3+ 79. Kf1 Kf3 80. Bc3 Rc5 81. Bd2 Rb5 0-1

[Event "CAN op"]
[Site "Calgary CAN"]
[Date "2023.07.22"]
[Round "1.36"]
[White "Boehmer, Kris"]
[Black "Wilson, Kim"]
[Result "1-0"]
[WhiteElo "2142"]
[BlackElo "1701"]
[PlyCount "54"]
[EventDate "2023.07.22"]
[EventType "swiss"]
[EventRounds "10"]
[EventCountry "CAN"]

1. d4 Nf6 2. c4 g6 3. g3 Bg7 4. Bg2 O-O 5. Nc3 d5 6. cxd5 c6 7. dxc6 Nxc6 8.
Nf3 e6 9. O-O Nd5 10. e4 Nxc3 11. bxc3 Qc7 12. Bb2 b6 13. Qe2 Bb7 14. Rac1 a5
15. Rfd1 Ba6 16. Qe3 Bc4 17. Nd2 b5 18. Nxc4 bxc4 19. Ba3 Rfe8 20. Rb1 Ne7 21.
Qe2 e5 22. d5 Nc8 23. d6 Qd7 24. Qxc4 Bf8 25. Qd5 Ra7 26. Bc5 Ra6 27. Rb7 Qa4
1-0

[Event "CAN op"]
[Site "Calgary CAN"]
[Date "2023.07.22"]
[Round "1.37"]
[White "Mok, Erwin"]
[Black "He, Matthew"]
[Result "1/2-1/2"]
[WhiteElo "1694"]
[BlackElo "2140"]
[PlyCount "122"]
[EventDate "2023.07.22"]
[EventType "swiss"]
[EventRounds "10"]
[EventCountry "CAN"]

1. d4 d5 2. c4 e6 3. Nc3 Bb4 4. cxd5 exd5 5. Bf4 Nf6 6. e3 c5 7. a3 Bxc3+ 8.
bxc3 c4 9. Qc2 Nc6 10. Nf3 O-O 11. Be2 Na5 12. Nd2 Re8 13. Bg5 Qd6 14. Bf3 Nd7
15. O-O Nb6 16. Bf4 Qc6 17. e4 Be6 18. a4 Rad8 19. Rfb1 Nb3 20. Ra3 f6 21. a5
Nxd2 22. Bxd2 Nc8 23. Bf4 Nd6 24. Bxd6 Rxd6 25. Raa1 Bf7 26. exd5 Bxd5 27.
Bxd5+ Qxd5 28. Re1 Rxe1+ 29. Rxe1 Qxa5 30. Qe2 Qb5 31. Qe4 Qd7 32. h3 a5 33. d5
b5 34. Rd1 g6 35. Qd4 Kf7 36. Qc5 a4 37. Kh1 h5 38. Kh2 a3 39. Qxa3 Rxd5 40.
Rxd5 Qxd5 41. g3 g5 42. Qa7+ Kg6 43. Qe7 Qe5 44. Qb4 h4 45. Qb1+ Qf5 46. Qb2
hxg3+ 47. fxg3 Qd5 48. Qe2 Qe5 49. Qc2+ Kh6 50. Qd2 Qe4 51. Qb2 Qd5 52. Qf2 Kg6
53. Qc2+ Qd3 54. Qb2 Qf5 55. Qe2 Qe5 56. Qd2 f5 57. Qc2 Qd6 58. Qb2 Qc5 59. Qe2
Kf6 60. Qd2 Qb6 61. h4 f4 1/2-1/2

[Event "CAN op"]
[Site "Calgary CAN"]
[Date "2023.07.22"]
[Round "1.38"]
[White "Perelman, Leon"]
[Black "Gibson, Leroy"]
[Result "1-0"]
[WhiteElo "2129"]
[BlackElo "1686"]
[PlyCount "143"]
[EventDate "2023.07.22"]
[EventType "swiss"]
[EventRounds "10"]
[EventCountry "CAN"]

1. c4 c5 2. e3 e5 3. Nc3 Nc6 4. Nf3 Nf6 5. d4 cxd4 6. exd4 exd4 7. Nxd4 Nxd4 8.
Qxd4 Be7 9. Be2 O-O 10. O-O d6 11. Bf3 a6 12. Bf4 Qc7 13. Rac1 Be6 14. Ne4 Nxe4
15. Qxe4 b6 16. Rfd1 Rad8 17. b4 Qd7 18. Qe3 Qa7 19. Bd5 Bf5 20. a4 Rfe8 21.
Bc6 Rf8 22. a5 Rb8 23. Re1 Be6 24. Bd5 Qc7 25. Bxe6 fxe6 26. Qxe6+ Rf7 27. c5
bxc5 28. bxc5 Qc8 29. Qa2 Qd7 30. cxd6 Bd8 31. Bg3 Kf8 32. Rc5 Rc8 33. Rce5 Bf6
34. R5e4 g6 35. h3 Kg7 36. Qd5 h6 37. Be5 Bxe5 38. Rxe5 Rcf8 39. Re7 Qf5 40.
Qd4+ Qf6 41. Qxf6+ Kxf6 42. R1e6+ Kg7 43. d7 Rd8 44. Rxf7+ Kxf7 45. Rd6 h5 46.
h4 Kg7 47. f3 Kf7 48. Kf2 Kg7 49. Ke3 Kf8 50. Ke4 Ke7 51. Ke5 Kf7 52. Kd5 Ke7
53. Kc6 Kf7 54. Kc7 Ke7 55. Rd2 Rf8 56. d8=Q+ Rxd8 57. Rxd8 Ke6 58. Kc6 Kf5 59.
g3 Ke5 60. Rd5+ Ke6 61. g4 hxg4 62. fxg4 Kf6 63. Kd6 Kf7 64. g5 Ke8 65. Re5+
Kf7 66. Re7+ Kf8 67. Ke6 Kg8 68. Kf6 Kf8 69. Re6 Kg8 70. Re8+ Kh7 71. Re7+ Kg8
72. Kxg6 1-0

[Event "CAN op"]
[Site "Calgary CAN"]
[Date "2023.07.22"]
[Round "1.39"]
[White "Deepak, Laksshana"]
[Black "Aljo, Johan"]
[Result "0-1"]
[WhiteElo "1681"]
[BlackElo "2124"]
[PlyCount "80"]
[EventDate "2023.07.22"]
[EventType "swiss"]
[EventRounds "10"]
[EventCountry "CAN"]

1. e4 c6 2. d4 d5 3. Nc3 dxe4 4. Nxe4 Bf5 5. Ng3 Bg6 6. Nf3 Nd7 7. Be2 e6 8.
O-O Bd6 9. c4 Ngf6 10. Bg5 O-O 11. Qb3 Qb6 12. Qa4 Qxb2 13. Rae1 Bc2 14. Bc1
Qxc1 15. Rxc1 Bxa4 16. Bd3 c5 17. Ne2 Bc6 18. Nd2 Rad8 19. Nb3 b6 20. Rfd1 Be4
21. Bxe4 Nxe4 22. d5 exd5 23. Rxd5 Ndf6 24. Rdd1 Be7 25. f3 Rxd1+ 26. Rxd1 Nd6
27. Rc1 Rd8 28. Kf2 Nf5 29. g3 Nd4 30. Rd1 Nxe2 31. Rxd8+ Bxd8 32. Kxe2 Kf8 33.
Kd3 Ke7 34. a4 Kd6 35. f4 Ng4 36. h4 f5 37. Nd2 Bf6 38. Nb3 Nf2+ 39. Ke3 Bd4+
40. Nxd4 cxd4+ 0-1

[Event "CAN op"]
[Site "Calgary CAN"]
[Date "2023.07.22"]
[Round "1.40"]
[White "Rohatynski, Jordan"]
[Black "Marchand, Calix"]
[Result "0-1"]
[WhiteElo "1671"]
[BlackElo "2101"]
[PlyCount "50"]
[EventDate "2023.07.22"]
[EventType "swiss"]
[EventRounds "10"]
[EventCountry "CAN"]

1. e4 c5 2. b3 Nc6 3. Nf3 e5 4. Bc4 Be7 5. d3 d6 6. Nc3 Nf6 7. h3 h6 8. Ne2 a6
9. a4 d5 10. exd5 Nxd5 11. O-O Be6 12. Bb2 f6 13. c3 Qd7 14. Ng3 O-O-O 15. Nh4
Nf4 16. Qf3 g5 17. Bxe6 Qxe6 18. Nhf5 Rxd3 19. Nxe7+ Nxe7 20. Qe4 f5 21. Qe1
Rhd8 22. c4 e4 23. Qa5 Qc6 24. b4 e3 25. b5 Qxg2# 0-1

[Event "CAN op"]
[Site "Calgary CAN"]
[Date "2023.07.22"]
[Round "1.41"]
[White "Superceanu, Andi"]
[Black "Yang, Vincent"]
[Result "1-0"]
[WhiteElo "2095"]
[BlackElo "1670"]
[PlyCount "71"]
[EventDate "2023.07.22"]
[EventType "swiss"]
[EventRounds "10"]
[EventCountry "CAN"]

1. e4 c6 2. d4 d5 3. exd5 cxd5 4. Bd3 Nc6 5. c3 Qc7 6. h3 g6 7. Nf3 Bf5 8. O-O
Bxd3 9. Qxd3 Bg7 10. Bg5 Nf6 11. Nbd2 O-O 12. Rfe1 e6 13. g3 Nh5 14. Nf1 Rfe8
15. Rad1 Qd7 16. Kg2 Rac8 17. g4 Nf6 18. Ng3 Qc7 19. Re2 h6 20. Bc1 Nd7 21.
Rde1 Rcd8 22. Qc2 e5 23. dxe5 Ndxe5 24. Nxe5 Nxe5 25. Qa4 Kf8 26. f4 Nc6 27.
Qa3+ Re7 28. f5 Bf6 29. Bxh6+ Kg8 30. fxg6 Rxe2+ 31. Rxe2 fxg6 32. Qc5 Kh7 33.
Qf2 Bh4 34. Qf4 Qb6 35. g5 Rd7 36. Qxh4 1-0

[Event "CAN op"]
[Site "Calgary CAN"]
[Date "2023.07.22"]
[Round "1.42"]
[White "Koo, Minjun"]
[Black "Wu, Jonathan"]
[Result "0-1"]
[WhiteElo "1661"]
[BlackElo "2075"]
[PlyCount "101"]
[EventDate "2023.07.22"]
[EventType "swiss"]
[EventRounds "10"]
[EventCountry "CAN"]

1. d4 Nf6 2. Nc3 d5 3. Bf4 g6 4. e3 c6 5. h4 h5 6. Nf3 Bg7 7. Be2 Nbd7 8. Ne5
Ne4 9. Nxe4 dxe4 10. Bc4 Nxe5 11. dxe5 Qa5+ 12. Qd2 Qxd2+ 13. Kxd2 Bg4 14. Rae1
O-O 15. Rhf1 a5 16. a3 a4 17. f3 Bf5 18. Bh2 Ra5 19. f4 Rc5 20. Be2 Be6 21. Rb1
Rd8+ 22. Kc1 Bb3 23. Bd1 Rxd1+ 24. Kxd1 Bxc2+ 25. Kd2 Bxb1 26. Rxb1 f5 27. Rc1
Rb5 28. Rc2 Rb3 29. Bg3 e6 30. Ke2 Bf8 31. Be1 c5 32. Bc3 b5 33. Rc1 b4 34.
axb4 cxb4 35. Bd4 a3 36. bxa3 bxa3 37. Rc2 Bb4 38. Rc8+ Kf7 39. Rc7+ Ke8 40.
Rc2 Kd7 41. Kf2 Rb1 42. g3 Be1+ 43. Kg2 Rd1 44. Kh3 Rd3 45. Re2 Bc3 46. Bc5 Bb2
47. Bxa3 Bxa3 48. Rc2 Rxe3 49. Ra2 Rd3 50. Rc2 e3 51. Kg2 0-1

[Event "CAN op"]
[Site "Calgary CAN"]
[Date "2023.07.22"]
[Round "1.43"]
[White "Liu, Zachary"]
[Black "Skop, Mike"]
[Result "1-0"]
[WhiteElo "2071"]
[BlackElo "1655"]
[PlyCount "99"]
[EventDate "2023.07.22"]
[EventType "swiss"]
[EventRounds "10"]
[EventCountry "CAN"]

1. e4 c6 2. d4 Na6 3. Nf3 Nc7 4. Bd3 g6 5. O-O Nh6 6. c3 Bg7 7. h3 d6 8. Be3 f6
9. Nbd2 Nf7 10. Re1 O-O 11. a4 e5 12. dxe5 dxe5 13. Bc4 Be6 14. Qb3 Qc8 15. a5
f5 16. exf5 gxf5 17. Bc5 Re8 18. Nf1 Bxc4 19. Qxc4 Qe6 20. Qxe6 Nxe6 21. Ba3
Bf6 22. Ne3 e4 23. Nd2 Ng7 24. Nec4 Rad8 25. Nb3 Rd7 26. Nc5 Rde7 27. Rad1 Nh5
28. g3 Ng5 29. Kg2 Nf3 30. Rf1 Rg7 31. Kh1 Nxg3+ 32. fxg3 Rxg3 33. Rf2 Rxh3+
34. Kg2 Rh2+ 35. Kf1 Rxf2+ 36. Kxf2 Bh4+ 37. Ke2 Kh8 38. Nd6 Rg8 39. Nxf5 Rg2+
40. Ke3 Bf2+ 41. Kxe4 Ng5+ 42. Kf4 h5 43. Nd3 Nh3+ 44. Kf3 Rh2 45. Bd6 Ng5+ 46.
Kf4 Nh3+ 47. Ke5 Bg1 48. Kf6 Rg2 49. Nf4 Nxf4 50. Bxf4 1-0

[Event "CAN op"]
[Site "Calgary CAN"]
[Date "2023.07.22"]
[Round "1.44"]
[White "Giles, Patrick"]
[Black "Su, Ethan"]
[Result "0-1"]
[WhiteElo "1653"]
[BlackElo "2071"]
[PlyCount "104"]
[EventDate "2023.07.22"]
[EventType "swiss"]
[EventRounds "10"]
[EventCountry "CAN"]

1. f4 d5 2. Nf3 Bg4 3. Ne5 Bf5 4. e3 Nd7 5. d4 Ngf6 6. Bd3 e6 7. Bxf5 exf5 8.
O-O Bd6 9. Nd2 Qe7 10. c4 c6 11. Qb3 Rb8 12. Ndf3 O-O 13. Ng5 h6 14. Ngf3 Rfd8
15. Bd2 Bc7 16. Be1 Nb6 17. c5 Nbd7 18. Bh4 Qe6 19. Rae1 Re8 20. Nxd7 Nxd7 21.
Ne5 Nf8 22. Qc2 f6 23. Nd3 g5 24. Bg3 Ng6 25. Qe2 Qd7 26. Qh5 Qh7 27. fxg5 Bxg3
28. hxg3 fxg5 29. Rxf5 Nf4 30. Rxf4 gxf4 31. Nxf4 Qg7 32. g4 Qg5 33. Qh3 Re4
34. Qf3 Rf8 35. g3 Rfe8 36. Kf2 R8e7 37. Kg2 Rxd4 38. Re2 Rde4 39. Nh5 Rf7 40.
Nf4 Kh8 41. Kf2 Rfe7 42. Kg2 Kg8 43. Kf2 Rf7 44. Kg2 Kf8 45. Kf2 Ke8 46. Kg2
Rfe7 47. Kf2 Rg7 48. Nh5 Rf7 49. Nf4 Rfe7 50. Kg2 d4 51. Nh5 Rxe3 52. Rf2 Rxf3
0-1

[Event "CAN op"]
[Site "Calgary CAN"]
[Date "2023.07.22"]
[Round "1.45"]
[White "Aluko, Olanrewaju"]
[Black "Singh Dhaliwal, Jaipreet"]
[Result "0-1"]
[WhiteElo "1640"]
[BlackElo "2028"]
[PlyCount "108"]
[EventDate "2023.07.22"]
[EventType "swiss"]
[EventRounds "10"]
[EventCountry "CAN"]

1. d4 Nf6 2. e3 d6 3. f4 g6 4. Nf3 Bg7 5. Bd3 c6 6. O-O Qc7 7. e4 c5 8. e5 Nfd7
9. c3 e6 10. Nbd2 d5 11. Ng5 Nb6 12. Qg4 c4 13. Bc2 Bd7 14. a4 a5 15. h4 Nc6
16. h5 Ne7 17. Ndf3 Nf5 18. Nh4 Nh6 19. Qg3 O-O-O 20. hxg6 hxg6 21. Bd2 Rdg8
22. b4 cxb3 23. Bxb3 Bc6 24. Rfc1 Nc4 25. Be1 Nf5 26. Nxf5 gxf5 27. Bd1 Bh6 28.
Be2 Bxg5 29. fxg5 Qe7 30. Qf4 Rxg5 31. Ra2 Rg6 32. Bf2 Rgh6 33. Bg3 Qf8 34. Rd1
Rh1+ 35. Kf2 Rxd1 36. Bxd1 Rh1 37. Be2 Qd8 38. Bf1 Kb8 39. Bh2 Qb6 40. Re2 Qb1
41. Bg1 Nb2 42. Rd2 Nd1+ 43. Kg3 Nxc3 44. Bd3 Qxd3+ 45. Rxd3 Ne2+ 46. Kf3 Nxf4
47. Kxf4 Rxg1 48. g3 Kc7 49. Kg5 Kd7 50. Kf6 Ke8 51. Rc3 f4 52. Rxc6 bxc6 53.
g4 f3 54. g5 f2 0-1

[Event "CAN op"]
[Site "Calgary CAN"]
[Date "2023.07.22"]
[Round "1.46"]
[White "Todd, Adie"]
[Black "Zhong, Ryan Yunhui"]
[Result "1/2-1/2"]
[WhiteElo "1618"]
[BlackElo "2017"]
[PlyCount "66"]
[EventDate "2023.07.22"]
[EventType "swiss"]
[EventRounds "10"]
[EventCountry "CAN"]

1. d4 d5 2. c4 dxc4 3. e3 e6 4. Bxc4 a6 5. Nf3 b5 6. Be2 Bb7 7. O-O Nd7 8. a4
b4 9. a5 c5 10. Nbd2 Ngf6 11. Nc4 Qc7 12. Bd2 Rc8 13. b3 Ng4 14. g3 h5 15. dxc5
Bxc5 16. h4 Nde5 17. Nfxe5 Nxe5 18. Nxe5 Qxe5 19. Bf3 Bxf3 20. Qxf3 O-O 21.
Rfd1 Rfd8 22. Rac1 Qd5 23. Qxd5 Rxd5 24. Be1 Rcd8 25. Rxd5 Rxd5 26. e4 Re5 27.
Rc4 f5 28. Bxb4 Bxb4 29. Rxb4 Rxa5 30. exf5 Rxf5 31. Kg2 Kf7 32. Rb6 Rb5 33.
Rxa6 Rxb3 1/2-1/2

[Event "CAN op"]
[Site "Calgary CAN"]
[Date "2023.07.22"]
[Round "1.47"]
[White "Hoekman, Samuel"]
[Black "Hooshdaran, Soheil"]
[Result "1-0"]
[WhiteElo "2005"]
[BlackElo "1617"]
[PlyCount "89"]
[EventDate "2023.07.22"]
[EventType "swiss"]
[EventRounds "10"]
[EventCountry "CAN"]

1. d4 Nf6 2. c4 g6 3. g3 c5 4. d5 Bg7 5. Bg2 O-O 6. Nc3 d6 7. Nf3 Nbd7 8. O-O
Nb6 9. Qb3 e6 10. e4 exd5 11. exd5 Bf5 12. Rd1 Re8 13. Bf4 Ne4 14. Nxe4 Rxe4
15. Nd2 Rd4 16. Bf1 Bd7 17. a4 Rxf4 18. gxf4 Bh6 19. Bh3 Bxf4 20. Bxd7 Nxd7 21.
Nf3 Ne5 22. Re1 Qb6 23. Ra3 Qc7 24. Re4 Nxf3+ 25. Qxf3 Be5 26. b3 f5 27. Re3
Qe7 28. Ra2 Qg5+ 29. Qg2 Qf6 30. Rae2 Rf8 31. Re1 Kh8 32. Kh1 f4 33. Rh3 Qf5
34. Rg1 Kg7 35. Qf3 Kh8 36. Qd3 Qxd3 37. Rxd3 f3 38. Re1 g5 39. b4 b6 40. bxc5
bxc5 41. Rb3 Kg7 42. Rb7+ Rf7 43. Rxf7+ Kxf7 44. Rb1 Kg6 45. Rb7 1-0

[Event "CAN op"]
[Site "Calgary CAN"]
[Date "2023.07.22"]
[Round "1.48"]
[White "Zhao, Erin"]
[Black "Mok, Gillian"]
[Result "0-1"]
[WhiteElo "1613"]
[BlackElo "1999"]
[PlyCount "124"]
[EventDate "2023.07.22"]
[EventType "swiss"]
[EventRounds "10"]
[EventCountry "CAN"]

1. e4 e5 2. Nf3 Nc6 3. d4 exd4 4. Bc4 Bc5 5. O-O Nf6 6. e5 d5 7. exf6 dxc4 8.
fxg7 Rg8 9. Bg5 Qd6 10. Nbd2 Qd5 11. Re1+ Be6 12. Ne4 Be7 13. Nf6+ Bxf6 14.
Bxf6 Qf5 15. Bxd4 O-O-O 16. c3 Qg6 17. Qe2 Nxd4 18. Nxd4 Qxg7 19. Qf3 Bd5 20.
Qf5+ Kb8 21. g3 Qg6 22. Qxg6 hxg6 23. Re7 c6 24. Rae1 Rh8 25. R7e3 Rxh2 26. Nf3
Bxf3 27. Rxf3 Rh7 28. Re2 Rd7 29. Rfe3 Kc7 30. Kg2 Rh5 31. Re4 b5 32. Rf4 Rhd5
33. Rfe4 Kb6 34. a3 Ka5 35. Re7 Ka4 36. Kf1 Kb3 37. Rxd7 Rxd7 38. Ke1 a5 39. g4
c5 40. Re5 Rc7 41. Re2 b4 42. cxb4 cxb4 43. axb4 axb4 44. Kd1 Ra7 45. Rc2 Ra1+
46. Kd2 Rf1 47. Ke2 Rxf2+ 48. Kxf2 Kxc2 49. g5 Kxb2 50. Kf3 c3 51. Kg3 c2 52.
Kh4 c1=Q 53. Kg4 Qc4+ 54. Kf3 Kc3 55. Ke3 Qe6+ 56. Kf4 Kd4 57. Kg3 Ke3 58. Kh4
Qe4+ 59. Kg3 Qf4+ 60. Kg2 Qxg5+ 61. Kf1 Kf3 62. Ke1 Qc1# 0-1

[Event "CAN op"]
[Site "Calgary CAN"]
[Date "2023.07.22"]
[Round "1.49"]
[White "Li, Adam"]
[Black "Raman, Shanker"]
[Result "1-0"]
[WhiteElo "1988"]
[BlackElo "1601"]
[PlyCount "59"]
[EventDate "2023.07.22"]
[EventType "swiss"]
[EventRounds "10"]
[EventCountry "CAN"]

1. e4 d5 2. exd5 Qxd5 3. Nc3 Qa5 4. Bc4 Nf6 5. d4 c6 6. Bd2 Qc7 7. Qe2 Bf5 8.
Bb3 e6 9. h3 Nbd7 10. Nf3 h6 11. Ne5 Bd6 12. g4 Bh7 13. Nxf7 O-O 14. Nxd6 Qxd6
15. Qxe6+ Qxe6+ 16. Bxe6+ Kh8 17. O-O-O Rad8 18. g5 Ne4 19. gxh6 gxh6 20. Bxh6
Rf6 21. Nxe4 Rxe6 22. Bg5 Rg8 23. d5 Rxe4 24. dxc6 Nc5 25. Bf6+ Rg7 26. Rhg1
Ne6 27. cxb7 Rb4 28. Bxg7+ Nxg7 29. Rd8+ Bg8 30. b8=Q 1-0

[Event "CAN op"]
[Site "Calgary CAN"]
[Date "2023.07.22"]
[Round "1.50"]
[White "Chacon, Jose Eduardo"]
[Black "Lu, Aiden"]
[Result "1/2-1/2"]
[WhiteElo "1983"]
[BlackElo "1561"]
[PlyCount "87"]
[EventDate "2023.07.22"]
[EventType "swiss"]
[EventRounds "10"]
[EventCountry "CAN"]

1. d4 d5 2. Bf4 Nf6 3. e3 e6 4. Nd2 Nbd7 5. Ngf3 c6 6. Bd3 Bb4 7. c3 Ba5 8. Ne5
Bc7 9. Qf3 Nxe5 10. dxe5 Nd7 11. Qg3 g6 12. h4 Rg8 13. Nf3 Nc5 14. O-O-O b6 15.
Bc2 Qe7 16. Ng5 h5 17. Nh7 Nd7 18. Ng5 Ba6 19. Rd2 O-O-O 20. Nf3 Rde8 21. Ba4
b5 22. Bb3 Nc5 23. Bc2 Bb7 24. Nd4 Bb6 25. Bg5 Qf8 26. f4 Nd7 27. Re1 Bxd4 28.
Rxd4 c5 29. Rdd1 Nb6 30. e4 Kb8 31. f5 dxe4 32. fxe6 fxe6 33. Rf1 Qg7 34. Qe3
Rc8 35. Bxe4 Bxe4 36. Qxe4 Nd5 37. Rxd5 exd5 38. Qxd5 Qb7 39. Qd6+ Qc7 40. Qd3
Qb7 41. Rf6 Rcd8 42. Rd6 Rxd6 43. exd6 Qd7 44. Be7 1/2-1/2

[Event "CAN op"]
[Site "Calgary CAN"]
[Date "2023.07.22"]
[Round "1.51"]
[White "Murali, Dhruv"]
[Black "Taylor, Ashton"]
[Result "1-0"]
[WhiteElo "1560"]
[BlackElo "1969"]
[PlyCount "115"]
[EventDate "2023.07.22"]
[EventType "swiss"]
[EventRounds "10"]
[EventCountry "CAN"]

1. b3 e5 2. Bb2 Nc6 3. e3 d5 4. Bb5 Nge7 5. Bxe5 a6 6. Bxc6+ Nxc6 7. Bb2 Qg5 8.
Qf3 Bg4 9. Qg3 Bd6 10. f4 Qg6 11. d3 Nb4 12. Kd2 O-O 13. a3 Nc6 14. h3 Bf5 15.
Qxg6 fxg6 16. Ne2 Rad8 17. a4 Rfe8 18. g4 Bc8 19. Ba3 h5 20. Rg1 hxg4 21. hxg4
Nb4 22. c3 Nc6 23. Bxd6 Rxd6 24. Na3 Rde6 25. Nc2 Na5 26. Ned4 R6e7 27. b4 Nc6
28. Nxc6 bxc6 29. Rg3 Bd7 30. Rag1 a5 31. d4 Ra8 32. Ra1 Kf7 33. Ne1 Rh8 34.
Nf3 Rb8 35. Ne5+ Ke6 36. Nxd7 Rxd7 37. Rb1 Rdd8 38. Kd3 Rh8 39. g5 Kf5 40. Rg2
Rh3 41. Rgb2 Re8 42. Re1 Rb8 43. Ree2 Rh1 44. bxa5 Rd1+ 45. Kc2 Rxb2+ 46. Kxb2
Rh1 47. Ka3 Ke4 48. a6 Kd3 49. a7 Rh8 50. Rb2 Ra8 51. Rb7 Kxc3 52. Rxc7 Kd3 53.
Re7 Kc3 54. Rxg7 c5 55. dxc5 Kc4 56. c6 Re8 57. Re7 Rh8 58. c7 1-0

[Event "CAN op"]
[Site "Calgary CAN"]
[Date "2023.07.22"]
[Round "1.52"]
[White "Bulga, Tamir"]
[Black "Sklenka, Steve"]
[Result "1-0"]
[WhiteElo "1961"]
[BlackElo "1550"]
[PlyCount "61"]
[EventDate "2023.07.22"]
[EventType "swiss"]
[EventRounds "10"]
[EventCountry "CAN"]

1. Nf3 Nf6 2. e3 d5 3. c4 c6 4. Nc3 Nbd7 5. d4 e6 6. Be2 dxc4 7. Bxc4 b5 8. Bd3
Be7 9. O-O O-O 10. e4 Bb7 11. Bf4 Nh5 12. Be3 Nhf6 13. Rc1 Rc8 14. Bb1 a6 15.
Qd3 g6 16. Bh6 Re8 17. e5 Nd5 18. Ne4 Bf8 19. Qd2 Bb4 20. Qe2 Bf8 21. Bg5 Qc7
22. a4 h6 23. Bd2 h5 24. Nfg5 Nxe5 25. dxe5 Qxe5 26. Nxf7 Qg7 27. Nfd6 Kh7 28.
Nxe8 Rxe8 29. Nc3 Re7 30. Qxh5+ Kg8 31. Bxg6 1-0

[Event "CAN op"]
[Site "Calgary CAN"]
[Date "2023.07.02"]
[Round "1.53"]
[White "Gokhale, Tanishka"]
[Black "Wang, Andy"]
[Result "0-1"]
[WhiteElo "1543"]
[BlackElo "1960"]
[PlyCount "131"]
[EventDate "2023.07.22"]
[EventType "swiss"]
[EventRounds "10"]
[EventCountry "CAN"]

1. e4 e5 2. Nf3 Nc6 3. Bc4 Bc5 4. c3 Nf6 5. d3 d6 6. Nbd2 Be6 7. O-O O-O 8. a4
a5 9. h3 d5 10. exd5 Bxd5 11. Bxd5 Qxd5 12. Nb3 Bb6 13. Be3 Bxe3 14. fxe3 e4
15. dxe4 Qxe4 16. Qe2 Rfe8 17. Rfe1 Nd5 18. Nbd4 Nxd4 19. Nxd4 Qxe3+ 20. Qxe3
Rxe3 21. Rxe3 Nxe3 22. Re1 Nd5 23. Nb3 b6 24. Nd4 Kf8 25. Nb5 Re8 26. Rxe8+
Kxe8 27. c4 Ne3 28. Nxc7+ Kd7 29. Nb5 Nxc4 30. b3 Nd2 31. Nd4 Kd6 32. Kf2 Kc5
33. Ke3 Nf1+ 34. Kd3 Ng3 35. Nf3 Kb4 36. Nd4 Nh5 37. Ke3 Nf6 38. Kd3 Nd5 39. g3
Nc7 40. Kc2 Ne6 41. Nb5 Nc5 42. Nd4 Ne4 43. Ne2 f5 44. h4 g6 45. Kb2 h6 46. Kc2
g5 47. hxg5 hxg5 48. Kb2 Kc5 49. Kc2 Kd5 50. Kd3 Nc5+ 51. Kc3 Ke4 52. Kc4 Ke3
53. Nd4 f4 54. gxf4 gxf4 55. Nf5+ Ke4 56. Nd4 f3 57. Nxf3 Kxf3 58. b4 Nb7 59.
bxa5 bxa5 60. Kb5 Ke4 61. Ka6 Kd5 62. Kb5 Kd4 63. Kb6 Kc4 64. Kxb7 Kb4 65. Kb6
Kxa4 66. Kc5 0-1

[Event "CAN op"]
[Site "Calgary CAN"]
[Date "2023.07.22"]
[Round "1.54"]
[White "Douglas, Richard"]
[Black "Yu, Ryan"]
[Result "1-0"]
[WhiteElo "1950"]
[BlackElo "1540"]
[PlyCount "41"]
[EventDate "2023.07.22"]
[EventType "swiss"]
[EventRounds "10"]
[EventCountry "CAN"]

1. f4 Nc6 2. Nf3 d5 3. e3 Bf5 4. Bb5 a6 5. Bxc6+ bxc6 6. b3 e6 7. Bb2 Bc5 8.
Bxg7 Nh6 9. Bxh8 Qe7 10. Bd4 Bd6 11. Qe2 f6 12. O-O Kd7 13. d3 Rg8 14. e4 Bh3
15. Ne1 e5 16. Qh5 Bg4 17. Qxh6 exd4 18. Nd2 dxe4 19. Nxe4 Kc8 20. Qxf6 Qe8 21.
Qxd6 1-0

[Event "CAN op"]
[Site "Calgary CAN"]
[Date "2023.07.22"]
[Round "1.55"]
[White "Todd, Nick"]
[Black "Zhong, April"]
[Result "0-1"]
[WhiteElo "1525"]
[BlackElo "1938"]
[PlyCount "78"]
[EventDate "2023.07.22"]
[EventType "swiss"]
[EventRounds "10"]
[EventCountry "CAN"]

1. Nf3 e6 2. c4 d5 3. cxd5 exd5 4. d4 Bd6 5. Nc3 Nf6 6. Bg5 c6 7. e3 O-O 8. Bd3
Qe7 9. O-O Bg4 10. e4 dxe4 11. Nxe4 Nbd7 12. Re1 Bb4 13. Nxf6+ Qxf6 14. Bxf6
Bxe1 15. Bg5 Rfe8 16. Qa4 Bxf3 17. gxf3 Nb6 18. Qa3 a5 19. Qb3 Nd5 20. a3 b6
21. Kf1 a4 22. Qc2 Ba5 23. Bxh7+ Kh8 24. Be4 Re6 25. Qxa4 b5 26. Qc2 Rae8 27.
b4 Bb6 28. Qd2 Bc7 29. Bxd5 cxd5 30. Bf4 Bb6 31. Be3 Rf6 32. f4 Rh6 33. f3 f5
34. Re1 Ra8 35. Qd3 Rxh2 36. Kg1 Rh6 37. Qxb5 Rxa3 38. Qxb6 Rxb6 39. Rb1 Rxe3
0-1

[Event "CAN op"]
[Site "Calgary CAN"]
[Date "2023.07.23"]
[Round "2.2"]
[White "Kapra, Jerjis"]
[Black "Bareev, Evgeny"]
[Result "0-1"]
[WhiteElo "2198"]
[BlackElo "2721"]
[PlyCount "80"]
[EventDate "2023.07.22"]
[EventType "swiss"]
[EventRounds "10"]
[EventCountry "CAN"]

1. e4 c6 2. d4 d5 3. f3 e6 4. Nc3 Bb4 5. a3 Bxc3+ 6. bxc3 dxe4 7. Nh3 Qa5 8.
Bb2 Nf6 9. fxe4 e5 10. Nf2 O-O 11. Qd2 Re8 12. Bd3 Nbd7 13. O-O-O Nb6 14. dxe5
Nfd7 15. Ng4 Nxe5 16. Nxe5 Qxe5 17. c4 Qe7 18. Qb4 Be6 19. Qxe7 Rxe7 20. c5 Nd7
21. Bd4 f6 22. Bf2 Bf7 23. Bg3 Nxc5 24. Bd6 Nxd3+ 25. cxd3 Rd7 26. Bf4 Rad8 27.
Kc2 Rd4 28. Bc1 Ra4 29. Rhe1 Ra5 30. Bb2 Rh5 31. Rh1 Rb5 32. Rd2 Bb3+ 33. Kc1
Rc5+ 34. Kb1 Rxd3 35. Rxd3 Bc2+ 36. Ka1 Bxd3 37. Re1 Rc2 38. Re3 Bb5 39. Rg3
Kf7 40. e5 Re2 0-1